Cam jansen and the mystery of the stolen diamonds / (Record no. 3786)

MARC details
000 -LEADER
fixed length control field 00745nam a22002417a 4500
001 - CONTROL NUMBER
control field 3786
003 - CONTROL NUMBER IDENTIFIER
control field FISKH
005 - DATE AND TIME OF LATEST TRANSACTION
control field 20240507142606.0
008 - FIXED-LENGTH DATA ELEMENTS--GENERAL INFORMATION
fixed length control field 240507b cb ||||| |||| 00| 0 eng d
040 ## - CATALOGING SOURCE
Original cataloging agency FISK
Language of cataloging eng
Transcribing agency FISK
Modifying agency FISK
050 ## - LIBRARY OF CONGRESS CALL NUMBER
Classification number PZ7.A2615
082 ## - DEWEY DECIMAL CLASSIFICATION NUMBER
Classification number 813.54
100 ## - MAIN ENTRY--PERSONAL NAME
Personal name A. Adler David
Dates associated with a name 1947-
245 ## - TITLE STATEMENT
Title Cam jansen and the mystery of the stolen diamonds /
Statement of responsibility, etc. David A. Adler
260 ## - PUBLICATION, DISTRIBUTION, ETC.
Place of publication, distribution, etc. New York :
Name of publisher, distributor, etc. Scholastic,
Date of publication, distribution, etc. 1980
300 ## - PHYSICAL DESCRIPTION
Extent 58 pages :
Other physical details illustrations,
Dimensions 20 cm
505 ## - FORMATTED CONTENTS NOTE
Formatted contents note N
520 ## - SUMMARY, ETC.
Summary, etc. A fifth-grader with a photographic memory and her friend Eric help solve the mystery of the stolen diamonds.
521 8# - TARGET AUDIENCE NOTE
Target audience note 580
Source Lexiles
700 ## - ADDED ENTRY--PERSONAL NAME
Personal name David A. Adler
942 ## - ADDED ENTRY ELEMENTS (KOHA)
Source of classification or shelving scheme Dewey Decimal Classification
Koha item type Books
Suppress in OPAC No
Holdings
Withdrawn status Lost status Source of classification or shelving scheme Damaged status Not for loan Collection Home library Current library Shelving location Date acquired Total Checkouts Full call number Barcode Date last seen Copy number Price effective from Koha item type
    Dewey Decimal Classification     Fiction Footprints International School Library Network Toul Kork Campus Footprints International School Library Network Toul Kork Campus   05/07/2024   ADL PZ7.A2615 813.54 2024-0582 05/07/2024 1 05/07/2024 Books